| 000 | 00910nam a2200325 a 4500 | ||
|---|---|---|---|
| 003 | AR-BaBNM | ||
| 005 | 20251128205509.0 | ||
| 008 | 082120s2002 ||||||||||||||000 | spa|| | ||
| 020 | _a84-85729-90-0 | ||
| 040 | _cAR-BaBNM | ||
| 100 | 1 | _aDel Carmen, Luis M. | |
| 245 | 0 | 0 | _aInvestigación del medio y aprendizaje |
| 250 | _a1ª ed. | ||
| 260 |
_aBarcelona _bGraó _c1988 |
||
| 300 |
_a54 p. _bdiagr., tablas |
||
| 490 | 0 | _aBiblioteca del maestro. Alternativas | |
| 504 | _aBibliografía: p. 53-54 | ||
| 650 | 4 | _aMEDIO AMBIENTE | |
| 650 | 4 | _aMEDIO SOCIAL | |
| 650 | 4 | _aINVESTIGACION CIENTIFICA | |
| 650 | 4 | _aENSEÑANZA DE LA BIOLOGIA | |
| 650 | 4 | _aMETODOS DE ENSEÑANZA | |
| 650 | 4 | _aROL DEL DOCENTE | |
| 650 | 4 | _aACTIVIDADES DE APRENDIZAJE | |
| 651 | 4 | _aEspaña | |
| 653 | _aPROCESO DE ENSEÑANZA-APRENDIZAJE | ||
| 653 | _aEDUCACION GENERAL BASICA | ||
| 942 | _cBK | ||
| 998 | _csilvi | ||
| 999 |
_c11631 _d11631 |
||